00648nam a2200229 a 4500001001300000003000900013005001700022008004100039020002300080082001300103100001900116245002000135260004000155300000900195500003500204650001200239700001900251902000800270942000700278952011600285999001700401nice12345678IN_TiNIC20260116014934.0130523s2008 jeda grp 000 0 eng  a9780340977095c27500a823bCAR aCarre, John Le aMost Wanted Man aJeddahbHodder and Stoughton c2008 a340p aincludes index and biblioraphy aFiction1 aCarre, John Le bSRS cBK 001040708StackRoom-aHMIbHMId2013-05-23g275.00l0o823 CARp11002392r2013-05-23v275.00w2013-05-23yBK c17629d17629